European country shapes #1 - Statistics

General Stats
  • This quiz has been taken 39 times
  • The average score is 7 of 7
Answer Stats
Picture Answer % Correct
Croatia
100%
Germany
100%
Poland
100%
Denmark
97%
Bulgaria
91%
Switzerland
91%
Slovenia
85%
No matching quizzes found
Score Distribution
Percent of People with Each Score
Percentile by Number Answered
Your Score History
You have not taken this quiz